000 00463nam a2200181Ia 4500
001 22660
005 20260414150845.0
008 260414t2013||||xx |||||||||||||| ||spa||
041 _aESP
082 _a621.3827
_bK19
100 _aKaminow, Ivan P.
_eAUT
245 0 _aOptical fiber telecommunications VIB :
_bsystems and networks
260 _c2013
300 _axli, 1095 páginas :
_c24 cm.
650 _aTCA
654 _aCET
942 _cLIB
_dJUS
_fJUS
_2ddc
_n
999 _c22660
_d22660